Sensorless vector and direct torque control
Zapisane w:
| 1. autor: | |
|---|---|
| Format: | Książka |
| Język: | angielski |
| Wydane: |
Oxford
Oxford University
1998
|
| Seria: | Monographs in Electrical and Electronic Engineering, 42
|
| Hasła przedmiotowe: | |
| Etykiety: |
Dodaj etykietę
Nie ma etykietki, Dołącz pierwszą etykiete!
|
MARC
| LEADER | 00000nam a2200000 a 4500 | ||
|---|---|---|---|
| 001 | UCM0701 | ||
| 003 | CL-VaPUC | ||
| 008 | 020308e19980000UK |||||||||||||||||eng|d | ||
| 082 | 0 | 4 | |a 621.31042 |b VAS |2 21 |
| 100 | 0 | |a Vas, Peter |e author |9 467633 | |
| 245 | 1 | 0 | |a Sensorless vector and direct torque control |
| 300 | |a 729 p | ||
| 942 | |c BK | ||
| 945 | |d 20020308 00:00:00 |a vberengu | ||
| 260 | |a Oxford |b Oxford University |c 1998 | ||
| 650 | 0 | |a Maquinaria eléctrica |x Corriente alterna |9 263627 | |
| 650 | 0 | |a Control automático |9 259890 | |
| 583 | |a last modification |c 20020308 00:00:00 |k Rodrigo Vera | ||
| 490 | 0 | |a Monographs in Electrical and Electronic Engineering, 42 | |
| 999 | |c 299539 |d 299537 | ||
| 952 | |0 0 |1 0 |4 0 |6 621_310420000000000_VAS_1998 |7 0 |8 A |9 356170 |a BIBING |b BIBING |d 2019-11-21 |i 3795764 |l 1 |o 621.31042 VAS 1998 |p 3795764 |r 2025-04-30 |s 2025-04-23 |w 2019-11-21 |y BK |k EIE | ||